| 000 | 00396nam a2200109Ia 4500 | ||
|---|---|---|---|
| 008 | 171204s9999 xx 000 0 und d | ||
| 245 | _aTechnology Entrepreneurship And Business Incubation: Theory, Practice, Lessons Learned | ||
| 245 | _cPhillip H Phan, Sarfraz A Mian, and Wadid Lamine | ||
| 260 | _c2016 | ||
| 650 | _xTechnopreneurship | ||
| 856 | _uhttp://down.ebook777.com/053/9781783269761.pdf | ||
| 999 |
_c345979 _d345979 |
||